000 02641cam a2200409 i 4500
003 EG-GICUC
005 20260217085924.0
008 090601s2010 enk frb 001 0 eng d
015 _aGBA967205
_2bnb
016 7 _a015307596
_2Uk
020 _a9780521764469
_qhbk.
020 _a0521764467
_qhbk.
040 _aDLC
_cDLC
_dBTCTA
_dYDXCP
_dC#P
_dWLL
_dCDX
_dUCDLL
_dBWK
_dUKM
_dDLC
_dEG-GICUC
_beng
_erda
050 0 0 _aKZ3410
_b.F38 2010
082 0 0 _a341
_221
092 0 4 _221
099 _aLaw 11 2010
245 0 0 _aFault lines of international legitimacy /
_cedited by Hilary Charlesworth, Jean-Marc Coicaud.
264 _aCambridge [U.K.] ;
_aNew York, N.Y. :
_bCambridge University Press,
_c2010.
300 _ax, 406 p. ;
_c24 cm.
_billustrations,
336 _atext
_2rdacontent
337 _aComputer
_2rdamedia
338 _aOnline Resource
_2rdacarrier
500 _a"United Nations University."--T.p.
504 _aIncludes bibliographical references and index.
505 0 0 _aIntroduction / Jean-Marc Coicaud -- Legitimacy, across borders and over time / Jean-Marc Coicaud -- Deconstructing international legitimacy / Jean-Marc Coicaud -- The evolution of international order and fault lines of international legitimacy / Jean-Marc Coicaud -- Intervention in a "divided world" : axes of legitimacy / Nathaniel Berman -- From Berlin to Bonn to Baghdad : a space for infinite justice / Vasuki Nesiah -- Legal deliberation and argumentation in international decision making / Ian Johnstone -- The UN Security Council, regional arrangements, and peacekeeping operations / Nishkala Suntharalingam -- The Security Council's alliance of gender legitimacy : the symbolic capital of Resolution 1325 / Dianne Otto -- Cosmopolitan militaries and cosmopolitan force / Lorraine Elliott -- Sovereignty, rights, and armed intervention : a dialectical perspective / B.S. Chimni -- Determining how the legitimacy of intervention is discussed : a case study of international territorial administration / Ralph Wilde -- The legitimacy of economic sanctions : an analysis of humanitarian exemptions of sanctions regimes and the right to minimum sustenance / Jun Matsukuma -- Conclusion : the legitimacies of international law / Hilary Charlesworth.
650 0 _aInternational law.
650 0 _aLegitimacy of governments.
650 0 _aGovernment liability (International law)
650 0 _aCosmopolitanism.
700 1 _aCharlesworth, Hilary.
700 1 _aCoicaud, Jean-Marc.
710 2 _aUnited Nations University.
856 4 0 _uhttps://fll.law.cu.edu.eg/fulltext/bks/ENGB11-00144.pdf
905 _a10
942 _2ddc
_cBK
_e21
_n0
999 _c63231
_d63231